ADVANCED MECHANICS OF SOLIDS (Record no. 14063)

MARC details
000 -LEADER
fixed length control field 00355nam a22001577a 4500
003 - CONTROL NUMBER IDENTIFIER
control field SGT
020 ## - INTERNATIONAL STANDARD BOOK NUMBER
International Standard Book Number 978-0-07-013988-6
082 ## - DEWEY DECIMAL CLASSIFICATION NUMBER
Classification number 620.105
Item number SRI
100 ## - MAIN ENTRY--PERSONAL NAME
Personal name SRINATH,L.S
245 ## - TITLE STATEMENT
Title ADVANCED MECHANICS OF SOLIDS
250 ## - EDITION STATEMENT
Edition statement 3RD
260 ## - PUBLICATION, DISTRIBUTION, ETC. (IMPRINT)
Place of publication, distribution, etc NEW DELHI
Name of publisher, distributor, etc MC-GRAW HILL
Year of Publication 2014
300 ## - PAGE DESCRIPTION
No. of Pages 504
650 ## - SUBJECT ADDED ENTRY--TOPICAL TERM
Topical term or geographic name as entry element MECHANICAL ENGINERING
942 ## - ADDED ENTRY ELEMENTS (KOHA)
Source of classification or shelving scheme Dewey Decimal Classification
Koha item type Books
Holdings
Withdrawn status Lost status Source of classification or shelving scheme Damaged status Not for loan Collection code Home library Current library Shelving location Date acquired Vendor Name Cost, normal purchase price SGTU Bill Number Total Checkouts Full call number Accession No. (Barcode) Date last seen Bill Date Koha item type Date last borrowed
    Dewey Decimal Classification     ENGINEERING SGT Engineering Library SGT Engineering Library Text Book 20/12/2017 KIRTI PRAKASHAN (NEW DELHI ) 710.00 SGTU IN1297   620.105 SRI FE6751 20/12/2017   Books  
    Dewey Decimal Classification     ENGINEERING SGT Engineering Library SGT Engineering Library Text Book 20/12/2017 KIRTI PRAKASHAN (NEW DELHI ) 710.00 SGTU IN1297   620.105 SRI FE6752 20/12/2017   Books  
    Dewey Decimal Classification     ENGINEERING SGT Engineering Library SGT Engineering Library Text Book 20/12/2017 KIRTI PRAKASHAN (NEW DELHI ) 710.00 SGTU IN1297 3 620.105 SRI FE6753 21/08/2019   Books 08/08/2019
    Dewey Decimal Classification     ENGINEERING SGT Engineering Library SGT Engineering Library Text Book 20/12/2017 KIRTI PRAKASHAN (NEW DELHI ) 710.00 SGTU IN1297   620.105 SRI FE6754 20/12/2017   Books  
    Dewey Decimal Classification     ENGINEERING SGT Engineering Library SGT Engineering Library Text Book 20/12/2017 KIRTI PRAKASHAN (NEW DELHI ) 710.00 SGTU IN1297   620.105 SRI FE6755 20/12/2017   Books